| 000 | 00499nam a2200181Ia 4500 | ||
|---|---|---|---|
| 001 | 9478 | ||
| 005 | 20260306161721.0 | ||
| 008 | 260306t2011||||xx |||||||||||||| ||spa|| | ||
| 041 | _aESP | ||
| 082 |
_a379.2 _bC265 |
||
| 100 |
_aMesa interinstitucional de gestión y descentralización _eAUT |
||
| 245 | 0 | _aBalance y propuestas para avanzar en la descentralización educativa | |
| 260 | _c2011 | ||
| 300 |
_a39 páginas : _c30 cm. |
||
| 650 | _aGEN | ||
| 654 | _aCED | ||
| 942 |
_cLIB _dJUS _fJUS _2ddc _n |
||
| 999 |
_c9478 _d9478 |
||